Shakespeare Plays Deaths – Multiple Choice - Statistics

General Stats
  • This quiz has been taken 370 times
  • The average score is 7 of 15
Answer Stats
Question Answer % Correct
Ophelia Drowns herself in a state of madness
87%
Mercutio Killed by Tybalt in a duel
87%
Polonius Stabbed by Hamlet through a tapestry
67%
George, Duke of Clarence Stabbed and drowned by murderers working with Richard III
63%
King Lear Greif over Cordelia's hanging
58%
Desdemona Smothered by a pillow
54%
Edmund Mortimer, Earl of March Dies imprisoned in the Tower of London
53%
Portia/Porcia (in Julius Caesar) Suicide by eating hot coals
43%
Coriolanus Killed by a mob of his former Volscian allies
42%
Antigonus Chased by a bear
37%
Cinna the poet (in Julius Caesar) Killed by a mob for "bad verses" in his poetry
33%
Thomas Mowbray, 1st Duke of Norfolk Dies in exile at an unspecified time
32%
King John Poisoned by a monk offstage
28%
Cloten (in Cymbeline) Beheaded by Guiderius during a sword fight
25%
The Clown (from Titus Andronicus) Executed by hanging
10%
No matching quizzes found
Score Distribution
Percent of People with Each Score
Percentile by Number Answered
Your Score History
You have not taken this quiz